000 00384nam a22001457a 4500
082 _a697.93
_bMOY
100 _aMoyer james A
_941867
245 _aAir conditioning/
_cMoyer james A
250 _a2nd volume
260 _aLondon,
_bMcgraw-hill book company
300 _a455p.:
_bill,;
_c15 cm.
526 _a0
_b0
_c0
_d697_930000000000000_MOY
650 _aMCE
_9379
942 _2ddc
_cBK
999 _c548792
_d548792